Ako funguje americký inovačný systém

Program SBIR (Small Business Innovation Research) (vznikol v 1982) má za cieľ efektívnu podporu výskumu a vývoja nových inovatívnych technológií v súkromných spoločnostiach. SBIR nie je grant, či pôžička, ale kontrakt pre vývoj technológií, o ktorých potrebe sú presvedčené vládne agentúry. Program p...

Ausführliche Beschreibung

Gespeichert in:
Bibliographische Detailangaben
1. Verfasser: Balog, Miroslav
Format: Buchkapitel
Sprache:Slowakisch
Schlagworte:
Tags: Tag hinzufügen
Keine Tags, Fügen Sie das erste Tag hinzu!

MARC

LEADER 00000naa$a2200000$$$4500
001 0062458
005 20231009073721.0
041 0 |a slo 
044 |a SK 
245 1 0 |a Ako funguje americký inovačný systém  |c Miroslav Balog 
520 |a Program SBIR (Small Business Innovation Research) (vznikol v 1982) má za cieľ efektívnu podporu výskumu a vývoja nových inovatívnych technológií v súkromných spoločnostiach. SBIR nie je grant, či pôžička, ale kontrakt pre vývoj technológií, o ktorých potrebe sú presvedčené vládne agentúry. Program prebieha v troch fázach. Takýto princíp tvorby inovatívnych zložiek trhu sa môže uplatniť aj na Slovensku. 
610 2 0 |a veda 
610 2 0 |a výskum 
610 2 0 |a inovácia 
610 2 0 |a programy 
610 2 0 |a USA 
610 2 0 |a Slovensko 
100 1 |a Balog, Miroslav